Online
Catalog

Anexión y guerra de Santo Domingo / (Record no. 33)

MARC details
000 -CABECERA
campo de control de longitud fija 01209nam a2200289 a 4500
001 - NÚMERO DE CONTROL
campo de control 000000033
003 - IDENTIFICADOR DEL NÚMERO DE CONTROL
campo de control OSt
005 - FECHA Y HORA DE LA ÚLTIMA TRANSACCIÓN
campo de control 20240409123744.0
008 - DATOS DE LONGITUD FIJA--INFORMACIÓN GENERAL
campo de control de longitud fija 081124s1975 dr b r 000 0 spa d
040 ## - FUENTE DE LA CATALOGACIÓN
Centro catalogador/agencia de origen DO-SdBNP
Lengua de catalogación spa
Centro/agencia transcriptor BNPHU
082 ## - NÚMERO DE LA CLASIFICACIÓN DECIMAL DEWEY
Número de clasificación 972.9304
Número de documento/Ítem G195a
100 1# - ENTRADA PRINCIPAL--NOMBRE DE PERSONA
Nombre de persona Gándara y Navarro, José de la,
Fechas asociadas al nombre 1820-1885.
9 (RLIN) 137
245 10 - MENCIÓN DE TÍTULO
Título Anexión y guerra de Santo Domingo /
Mención de responsabilidad, etc. José de la Gándara ; prólogo Cristino Mártos.
250 ## - MENCIÓN DE EDICIÓN
Mención de edición Ed. facsímilar
260 ## - PUBLICACIÓN, DISTRIBUCIÓN, ETC.
Lugar de publicación, distribución, etc. Santo Domingo :
Nombre del editor, distribuidor, etc. Editora de Santo Domingo,
Fecha de publicación, distribución, etc. 1975.
300 ## - DESCRIPCIÓN FÍSICA
Extensión 2 v. :
Otras características físicas mapa. ;
Dimensiones 23 cm.
490 1# - MENCIÓN DE SERIE
Mención de serie Sociedad Dominicana de Bibliófilos. Colección de Cultura Dominicana.
504 ## - NOTA DE BIBLIOGRAFÍA, ETC.
Nota de bibliografía, etc. Incluye referencias bibliográficas y notas al pie de las páginas.
533 ## - NOTA DE REPRODUCCIÓN
Tipo de reproducción Facsímil de:
Lugar de la reproducción Madrid:
Institución responsable de la reproducción Imprenta de El Correo Militar,
Fecha de la reproducción 1884.
590 ## - NOTA LOCAL (RLIN)
Nota local Inventariado, 2020/YL
651 #0 - PUNTO DE ACCESO ADICIONAL DE MATERIA--NOMBRE GEOGRÁFICO
Nombre geográfico República Dominicana --
Subdivisión general Historia --
Subdivisión cronológica Hasta, 1844
9 (RLIN) 138
651 #4 - PUNTO DE ACCESO ADICIONAL DE MATERIA--NOMBRE GEOGRÁFICO
Nombre geográfico República Dominicana
Subdivisión general Historia
Subdivisión cronológica ANEXIÓN A ESPAÑA, 1861-1865
9 (RLIN) 139
700 12 - PUNTO DE ACCESO ADICIONAL--NOMBRE DE PERSONA
Nombre de persona Mártos, Cristino,
Término indicativo de función/relación pról.
9 (RLIN) 140
830 #0 - PUNTO DE ACCESO ADICIONAL DE SERIE-TÍTULO UNIFORME
Título uniforme Sociedad Dominicana de Bibliófilos. Colección de Cultura Dominicana.
9 (RLIN) 141
910 ## - DATOS DE OPCIÓN DEL USUARIO (OCLC)
Datos de opción del usuario Validado. Control de calidad. MMOLINA
942 ## - ELEMENTOS DE PUNTO DE ACCESO ADICIONAL (KOHA)
Fuente del sistema de clasificación o colocación Dewey Decimal Classification
Tipo de ítem Koha Libro
Holdings
Estado de retiro Estado de pérdida Restricciones de uso No para préstamo Código de colección Localización permanente Ubicación/localización actual Ubicación en estantería Fecha de adquisición Número de inventario Total de préstamos Signatura topográfica completa Código de barras Fecha visto por última vez Precio válido a partir de Tipo de ítem Koha Nota pública Fuente de adquisición
      Préstamo en sala Dominicana de Servicio Biblioteca Nacional Pedro Henríquez Ureña Biblioteca Nacional Pedro Henríquez Ureña Depósito 03.07.2019 LF1   v. 2, e. 4 33-90 25.06.2020 25.06.2020 Libros y folletos Perteneció a la biblioteca personal de Dr. F. E. Efraín Reyes D.  
      Préstamo en sala Dominicana de Servicio Biblioteca Nacional Pedro Henríquez Ureña Biblioteca Nacional Pedro Henríquez Ureña Depósito 22.02.2010 LF1   972.9304 G195a | v. 1, e. 3 33-30 25.06.2020 25.06.2020 Libros y folletos    
      Préstamo en sala Dominicana de Servicio Biblioteca Nacional Pedro Henríquez Ureña Biblioteca Nacional Pedro Henríquez Ureña Depósito 05.03.2010 LF1   972.9304 G195a | v. 1, e. 4 33-40 25.06.2020 25.06.2020 Libros y folletos    
      Préstamo en sala Dominicana de Servicio Biblioteca Nacional Pedro Henríquez Ureña Biblioteca Nacional Pedro Henríquez Ureña Depósito 17.08.2011 LF1   972.9304 G195a | v. 2, e. 3 33-70 25.06.2020 25.06.2020 Libros y folletos    
      Préstamo en sala Dominicana de Servicio Biblioteca Nacional Pedro Henríquez Ureña Biblioteca Nacional Pedro Henríquez Ureña Depósito 09.05.2013 LF1   972.9304 G195a | v. 1, e. 5 33-80 25.06.2020 25.06.2020 Libros y folletos Perteneció a la biblioteca personal de Miguel A. Piantini M.  
      Excluido de préstamo Patrimonio Dominicano Biblioteca Nacional Pedro Henríquez Ureña Biblioteca Nacional Pedro Henríquez Ureña Depósito 03.09.2009 LF1   972.9304 G195a | v.1, e. 2 33-20 25.06.2020 25.06.2020 No se presta Perteneció a la biblioteca personal de Josefina Garrido de Castro  
      Excluido de préstamo Patrimonio Dominicano Biblioteca Nacional Pedro Henríquez Ureña Biblioteca Nacional Pedro Henríquez Ureña Depósito 12.10.2010 LF1   972.9304 G195a | v. 2 33-50 25.06.2020 25.06.2020 No se presta Perteneció a la biblioteca personal de Germán Emilio Ornes.  
      Excluido de préstamo Patrimonio Dominicano Biblioteca Nacional Pedro Henríquez Ureña Biblioteca Nacional Pedro Henríquez Ureña Depósito 17.08.2011 LF1   972.9304 G195a | v. 2, e. 2 33-60 25.06.2020 25.06.2020 No se presta    
      Excluido de préstamo Patrimonio Dominicano Biblioteca Nacional Pedro Henríquez Ureña Biblioteca Nacional Pedro Henríquez Ureña Depósito 09.06.2009 LF1   972.9304 G195a | v. 1 33-10 25.06.2020 25.06.2020 No se presta Perteneció a la biblioteca personal de Germán Emilio Ornes. 011324

Powered by Koha